[Event "Int. Stuttgarter Stadtmeisterschaft A"]
[Site "Ditzingen"]
[Date "2012.05.18"]
[Round "4.14"]
[White "Gabriel, Josef"]
[Black "Andraschko, Felix"]
[Result "1/2-1/2"]
[WhiteElo "2180"]
[BlackElo "2069"]
[PlyCount "123"]
[EventDate "2012.??.??"]
[WhiteTeam "Stuttgarter SF 1879"]
[BlackTeam "SK Landau"]

1. e4 c5 2. Nf3 Nc6 3. Bb5 e6 4. O-O Nge7 5. c3 a6 6. Ba4 b5 7. Bc2 Bb7 8. a3
d5 9. d4 dxe4 10. Bxe4 Nd5 11. Re1 cxd4 12. cxd4 Be7 13. Nc3 Nf6 14. Bb1 O-O
15. Qd3 g6 16. Bh6 Re8 17. h3 b4 18. axb4 Nxb4 19. Qe2 Bxf3 20. Qxf3 Qxd4 21.
Ra4 Qb6 22. Ne4 Nxe4 23. Bxe4 Rac8 24. Qb3 Qb5 25. Bd2 Nd3 26. Qxd3 Qxa4 27.
Bc3 Qc4 28. Qf3 f5 29. Bd3 Qc6 30. Qe2 Qd5 31. Bxa6 Rc7 32. Rd1 Qe4 33. Qb5 Rf8
34. Re1 Qc6 35. Qe2 Bf6 36. Bb4 Rb8 37. Ba5 Ra7 38. Qxe6+ Qxe6 39. Rxe6 Bxb2
40. Bc4 Kg7 41. Bd2 Bf6 42. g3 Re7 43. Rc6 Be5 44. Ba5 f4 45. gxf4 Bxf4 46. Kg2
Be5 47. Rc5 Bf6 48. Rc6 Ra8 49. Bb6 Be5 50. h4 Kh6 51. Be3+ Kg7 52. h5 gxh5 53.
Bh6+ Kh8 54. Bd5 Bg7 55. Bf4 Rd7 56. Be6 Rd4 57. Be3 Rdd8 58. Bg5 Re8 59. f4 h6
60. Bh4 Rf8 61. f5 Bf6 62. Bf2 1/2-1/2

[Event "Int. Stuttgarter Stadtmeisterschaft A"]
[Site "Ditzingen"]
[Date "2012.05.18"]
[Round "4.15"]
[White "Ludwig, Sebastian"]
[Black "Naumann, Axel"]
[Result "1-0"]
[WhiteElo "2049"]
[BlackElo "2168"]
[PlyCount "115"]
[EventDate "2012.??.??"]
[WhiteTeam "SV Stuttgart-Wolfbusch 1956 e.V."]
[BlackTeam "Stuttgarter SF 1879"]

1. e4 c5 2. c3 Nf6 3. e5 Nd5 4. d4 cxd4 5. Nf3 d6 6. cxd4 Nc6 7. Nc3 Nxc3 8.
bxc3 Bg4 9. Qa4 Bxf3 10. gxf3 dxe5 11. dxe5 Qd5 12. Qe4 Qxe5 13. Rb1 O-O-O 14.
Bb5 Qxe4+ 15. fxe4 Nb8 16. Bf4 Nd7 17. Rg1 e6 18. Bc4 g6 19. Bg5 Re8 20. Bb5
Bc5 21. Bxd7+ Kxd7 22. Rxb7+ Kc6 23. Rxf7 Ref8 24. Rxf8 Rxf8 25. Be3 Bxe3 26.
fxe3 Rb8 27. Rg5 Rb1+ 28. Ke2 Rb2+ 29. Kd3 Rxh2 30. Ra5 Kb6 31. Re5 Rxa2 32.
Rxe6+ Kc5 33. Re7 h5 34. Rg7 Ra6 35. e5 Kd5 36. e6 Rxe6 37. Rxa7 Ke5 38. c4 g5
39. Ra5+ Kf6 40. e4 h4 41. Ke3 Kg6 42. Rd5 Kh5 43. Kf3 Rf6+ 44. Kg2 Kg4 45. c5
h3+ 46. Kg1 Ra6 47. Rd3 Ra1+ 48. Kh2 Ra2+ 49. Kg1 Rc2 50. e5 Rxc5 51. Re3 Kh4
52. e6 Rc1+ 53. Kh2 Rc2+ 54. Kg1 h2+ 55. Kh1 g4 56. e7 Rc1+ 57. Kxh2 g3+ 58.
Kg2 1-0

[Event "Int. Stuttgarter Stadtmeisterschaft A"]
[Site "Ditzingen"]
[Date "2012.05.18"]
[Round "4.16"]
[White "Hüttig, Michael"]
[Black "Marquardt, Patrick"]
[Result "0-1"]
[WhiteElo "2164"]
[BlackElo "2039"]
[PlyCount "70"]
[EventDate "2012.??.??"]
[WhiteTeam "SC Erdmannhausen"]
[BlackTeam "SG Donautal Tuttlingen"]

1. e4 c5 2. Nf3 Nc6 3. Nc3 g6 4. d4 cxd4 5. Nxd4 Bg7 6. Be3 Nf6 7. Nb3 O-O 8.
Be2 d6 9. O-O Be6 10. f4 Na5 11. f5 Bc4 12. Bd3 Bxd3 13. cxd3 d5 14. Nxa5 Qxa5
15. e5 Nd7 16. d4 gxf5 17. Rxf5 e6 18. Rh5 f5 19. Qf3 Rf7 20. Qh3 Nf8 21. Rf1
Rc8 22. Ne2 Qxa2 23. Nf4 Qxb2 24. Rg5 a5 25. Nh5 Ng6 26. Nxg7 Rxg7 27. Qh6 a4
28. h4 Rcc7 29. h5 Nf8 30. Rf2 a3 31. Rf3 Rxg5 32. Bxg5 Rg7 33. Kh2 a2 34. Rg3
a1=Q 35. Bf6 Qg1+ 0-1

[Event "Int. Stuttgarter Stadtmeisterschaft A"]
[Site "Ditzingen"]
[Date "2012.05.18"]
[Round "4.17"]
[White "Bräuner, Uwe"]
[Black "Fahnenschmidt, Gerhard"]
[Result "0-1"]
[WhiteElo "2140"]
[BlackElo "2012"]
[PlyCount "93"]
[EventDate "2012.??.??"]
[WhiteTeam "SF Pfullingen"]
[BlackTeam "VfL Sindelfingen"]

1. Nf3 Nf6 2. c4 c5 3. d4 cxd4 4. Nxd4 e5 5. Nb5 d6 6. g3 a6 7. N5c3 Be6 8. Bg2
Nc6 9. Nd5 Rc8 10. Nbc3 Be7 11. O-O O-O 12. Be3 Bxd5 13. cxd5 Nd4 14. Bxd4 exd4
15. Qxd4 Nd7 16. Rac1 Bf6 17. Qd2 Qa5 18. Bh3 Rc7 19. Ne4 Qxd2 20. Nxd2 Rxc1
21. Rxc1 Nc5 22. b4 Na4 23. Ne4 Bb2 24. Rc7 f5 25. Ng5 Nc3 26. Ne6 Nxd5 27.
Rxg7+ Bxg7 28. Nxf8 Kxf8 29. Bxf5 Nxb4 30. a3 Nc6 31. Bxh7 b5 32. Be4 Na5 33.
Kf1 Nc4 34. Bb7 a5 35. a4 bxa4 36. Bd5 Nd2+ 37. Ke1 Nb3 38. Kd1 Nc5 39. Kc2 a3
40. h4 a4 41. e3 Na6 42. e4 Nb4+ 43. Kb1 Bd4 44. f4 Bf2 45. g4 Bxh4 46. g5 Kg7
47. Be6 0-1

[Event "Int. Stuttgarter Stadtmeisterschaft A"]
[Site "Ditzingen"]
[Date "2012.05.18"]
[Round "4.18"]
[White "Büter, Norbert"]
[Black "Khadempour, Farhad"]
[Result "0-1"]
[WhiteElo "2044"]
[BlackElo "2133"]
[PlyCount "90"]
[EventDate "2012.??.??"]
[WhiteTeam "SpVgg Rommelshausen"]
[BlackTeam "SV Tübingen 1870 e.V."]

1. d4 d5 2. c4 e6 3. Nc3 Be7 4. Nf3 Nf6 5. Bf4 c6 6. e3 O-O 7. Be2 Nbd7 8. h3
dxc4 9. Bxc4 b5 10. Bd3 Bb7 11. O-O b4 12. Ne4 c5 13. Nxf6+ Nxf6 14. Ne5 cxd4
15. exd4 Qd5 16. Nf3 Rfd8 17. Re1 Qh5 18. Be2 Qa5 19. Be5 Rac8 20. Qb3 Bd5 21.
Qe3 Bc4 22. Qg5 h6 23. Qf4 Qd5 24. b3 Bxe2 25. Rxe2 Rc3 26. Rae1 Rdc8 27. Nh2
a5 28. Ng4 Nxg4 29. Qxg4 g6 30. h4 Kh7 31. Qf4 Rf8 32. Bf6 Bxf6 33. Qxf6 Qd8
34. Qe5 h5 35. g3 Rc6 36. Qb5 Rd6 37. Re5 Rxd4 38. Qxa5 Qf6 39. Qc5 Rfd8 40.
R5e4 Rxe4 41. Rxe4 Rd1+ 42. Kg2 Qa1 43. Rxe6 Rg1+ 44. Kf3 fxe6 45. Qxb4 Qd1+
0-1

[Event "Int. Stuttgarter Stadtmeisterschaft A"]
[Site "Ditzingen"]
[Date "2012.05.19"]
[Round "5.1"]
[White "Ikonnikov, Vyacheslav"]
[Black "Karpatchev, Aleksandr"]
[Result "1/2-1/2"]
[WhiteElo "2539"]
[BlackElo "2414"]
[PlyCount "38"]
[EventDate "2012.??.??"]
[WhiteTeam "SF Bad Mergentheim"]
[BlackTeam "SF Bad Mergentheim"]

1. d4 d5 2. c4 dxc4 3. Nf3 Nf6 4. e3 e6 5. Bxc4 a6 6. O-O c5 7. dxc5 Bxc5 8.
Qxd8+ Kxd8 9. Ne5 Ke7 10. Be2 Bd7 11. Bf3 Nc6 12. Nxc6+ Bxc6 13. Bxc6 bxc6 14.
Bd2 Rab8 15. Rc1 Ne4 16. b3 Rhd8 17. Be1 Bd6 18. Nc3 Nxc3 19. Bxc3 Ba3 1/2-1/2

[Event "Int. Stuttgarter Stadtmeisterschaft A"]
[Site "Ditzingen"]
[Date "2012.05.19"]
[Round "5.2"]
[White "Strunski, Andreas"]
[Black "Wenninger, Philipp"]
[Result "1-0"]
[WhiteElo "2362"]
[BlackElo "2205"]
[PlyCount "85"]
[EventDate "2012.??.??"]
[WhiteTeam "Stuttgarter SF 1879"]
[BlackTeam "SK Bebenhausen 1992"]

1. Nf3 Nf6 2. c4 c6 3. d4 d5 4. e3 a6 5. Bd3 Bg4 6. Nbd2 e6 7. b3 c5 8. Bb2 Nc6
9. dxc5 Bxc5 10. O-O d4 11. exd4 Bxd4 12. Bxd4 Nxd4 13. h3 Bh5 14. Re1 O-O 15.
Re3 Qc7 16. g4 Nxf3+ 17. Qxf3 Bg6 18. Bxg6 hxg6 19. Ne4 Nxe4 20. Rxe4 Rad8 21.
Rd1 Qc6 22. Rd3 Qb6 23. Ree3 Qc7 24. Kg2 Rfe8 25. Rxd8 Rxd8 26. Rd3 Rxd3 27.
Qxd3 f5 28. Qd4 Kf7 29. f4 Qc6+ 30. Kg3 Qc7 31. g5 Qc6 32. Kf2 a5 33. c5 Qb5
34. Ke3 Qf1 35. Qd7+ Kf8 36. Qc8+ Kf7 37. Qxb7+ Kg8 38. c6 Qc1+ 39. Kd4 e5+ 40.
fxe5 Qf4+ 41. Kc5 Qxe5+ 42. Kb6 Qd4+ 43. Ka6 1-0

[Event "Int. Stuttgarter Stadtmeisterschaft A"]
[Site "Ditzingen"]
[Date "2012.05.19"]
[Round "5.3"]
[White "Epishin, Vladimir"]
[Black "Gutman, Lev"]
[Result "1-0"]
[WhiteElo "2572"]
[BlackElo "2444"]
[PlyCount "75"]
[EventDate "2012.??.??"]
[WhiteTeam "Lübecker SV von 1873"]
[BlackTeam "SV Lingen"]

1. d4 Nf6 2. Nf3 g6 3. c4 Bg7 4. Nc3 O-O 5. e4 c6 6. Bd3 d6 7. h3 Na6 8. O-O
Nd7 9. Re1 Nc7 10. Be3 a6 11. Qd2 b5 12. Rad1 bxc4 13. Bxc4 Nb5 14. Na4 Nf6 15.
e5 Nd5 16. Bg5 Nbc7 17. exd6 Qxd6 18. Bh4 a5 19. Nc5 Ne6 20. Bg3 Qd8 21. Ne5
Qb6 22. Ncd7 Bxd7 23. Nxd7 Qb4 24. Nxf8 Qxd2 25. Rxd2 Kxf8 26. Be5 Bh6 27. Rd3
a4 28. a3 Ke8 29. b4 axb3 30. Rxb3 Ra7 31. Bxd5 cxd5 32. Rb5 Rxa3 33. Rxd5 Bd2
34. Rd1 Ra2 35. Rb5 Ng5 36. d5 f6 37. Rb8+ Kf7 38. Bb2 1-0

[Event "Int. Stuttgarter Stadtmeisterschaft A"]
[Site "Ditzingen"]
[Date "2012.05.19"]
[Round "5.4"]
[White "Braun, Georg"]
[Black "Graf, Felix"]
[Result "1/2-1/2"]
[WhiteElo "2187"]
[BlackElo "2395"]
[PlyCount "38"]
[EventDate "2012.??.??"]
[WhiteTeam "SK Bebenhausen 1992"]
[BlackTeam "FC Bayern München e.V."]

1. e4 e6 2. d4 d5 3. Nc3 Nf6 4. Bg5 Bb4 5. e5 h6 6. Bd2 Bxc3 7. bxc3 Ne4 8. Qg4
Kf8 9. Qf4 c5 10. Bd3 Nxd2 11. Qxd2 Nc6 12. Nf3 c4 13. Be2 b5 14. O-O Bd7 15.
h4 Rb8 16. h5 Rb6 17. g3 Ra6 18. a3 Ra4 19. Qc1 Qa5 1/2-1/2

[Event "Int. Stuttgarter Stadtmeisterschaft A"]
[Site "Ditzingen"]
[Date "2012.05.19"]
[Round "5.5"]
[White "Bodrozic, Tomislav"]
[Black "Gheng, Josef"]
[Result "0-1"]
[WhiteElo "2195"]
[BlackElo "2334"]
[PlyCount "50"]
[EventDate "2012.??.??"]
[WhiteTeam "SF Birkenfeld"]
[BlackTeam "SC Erdmannhausen"]

1. e4 c5 2. Nf3 d6 3. d4 cxd4 4. Nxd4 Nf6 5. Nc3 g6 6. Be3 Bg7 7. f3 O-O 8. Qd2
Nc6 9. O-O-O Bd7 10. g4 Qa5 11. Nb3 Qc7 12. g5 Ne8 13. Nd5 Qd8 14. h4 e6 15.
Nf4 a5 16. h5 a4 17. Nc5 Qb6 18. Nxa4 Qc7 19. Bb6 Qc8 20. Nc3 Nb4 21. a3 Rxa3
22. Kb1 Bxc3 23. bxc3 Ra1+ 24. Kb2 Ra2+ 25. Kb1 Qa8 0-1

[Event "Int. Stuttgarter Stadtmeisterschaft A"]
[Site "Ditzingen"]
[Date "2012.05.19"]
[Round "5.6"]
[White "Khadempour, Farhad"]
[Black "Neyman, Igor"]
[Result "0-1"]
[WhiteElo "2133"]
[BlackElo "2314"]
[PlyCount "154"]
[EventDate "2012.??.??"]
[WhiteTeam "SV Tübingen 1870 e.V."]
[BlackTeam "Stuttgarter SF 1879"]

1. e4 d6 2. Nf3 Nf6 3. Nc3 e5 4. d4 Nbd7 5. Bg5 Be7 6. Qd2 c6 7. O-O-O O-O 8.
Bd3 a6 9. Rhe1 b5 10. Kb1 Re8 11. h3 Qc7 12. Ne2 Bb7 13. Ng3 Rad8 14. c3 c5 15.
Bc2 Bf8 16. Nh4 h6 17. Bxf6 Nxf6 18. d5 g6 19. Ne2 c4 20. g4 Nh7 21. Qe3 Be7
22. Nf3 Kg7 23. h4 Rb8 24. Rg1 Bc8 25. g5 h5 26. Nd2 Kg8 27. f4 exf4 28. Nxf4
Bg4 29. Rc1 Bf8 30. Bd1 Bxd1 31. Rgxd1 Bg7 32. Ne2 Nf8 33. Nd4 Qc5 34. Qg1 Nd7
35. Nc6 Rb7 36. a3 Be5 37. Qg2 Qe3 38. Rc2 Qg3 39. Qh1 Nc5 40. Rg1 Qh2 41. Nf3
Qxh1 42. Rxh1 Bf4 43. Re2 Rxe4 44. Rxe4 Nxe4 45. Re1 f5 46. gxf6 Nxf6 47. Rg1
Kh7 48. Nb4 Re7 49. Nd4 Re4 50. Ne6 Bh6 51. Ng5+ Bxg5 52. hxg5 Ng4 53. Nxa6 Re5
54. Nc7 Rxg5 55. Ne8 Re5 56. Nxd6 Rxd5 57. Ne4 Kh6 58. b3 g5 59. bxc4 bxc4 60.
Kb2 Re5 61. Nd6 Re2+ 62. Kb1 Ne5 63. a4 g4 64. a5 Nf3 65. Rg3 Nd2+ 66. Kc1 Nb3+
67. Kb1 Nxa5 68. Nf5+ Kg5 69. Nd4 Re4 70. Nb5 h4 71. Rg1 g3 72. Nd6 Re2 73. Nb5
Kg4 74. Nd4 Rf2 75. Kc1 Nb3+ 76. Kd1 Nxd4 77. cxd4 Ra2 0-1

[Event "Int. Stuttgarter Stadtmeisterschaft A"]
[Site "Ditzingen"]
[Date "2012.05.19"]
[Round "5.7"]
[White "Zikeli, Saskia"]
[Black "Ackermann, Hans Werner"]
[Result "0-1"]
[WhiteElo "2131"]
[BlackElo "2290"]
[PlyCount "132"]
[EventDate "2012.??.??"]
[WhiteTeam "SC Ingersheim e.V."]
[BlackTeam "SC Hansa Dortmund e.V."]

1. e4 c5 2. Nf3 a6 3. d3 Nc6 4. Nbd2 e6 5. g3 Be7 6. Bg2 h5 7. h4 d5 8. Qe2 Nf6
9. e5 Ng4 10. O-O Qc7 11. Re1 b5 12. c3 Bb7 13. Nf1 b4 14. Bf4 Qa5 15. Qd2 Nh6
16. Bg5 Bf8 17. Ne3 Qb6 18. Nh2 Ne7 19. a3 Nef5 20. Bh3 Nxe3 21. Bxe3 bxc3 22.
bxc3 Qc6 23. d4 c4 24. Bxh6 Rxh6 25. Reb1 Bc8 26. Bg2 Rh8 27. Bf3 Be7 28. Bd1
g6 29. Rb2 Kf8 30. Rab1 Bxa3 31. Rb6 Qd7 32. Qa2 Be7 33. Ba4 Qd8 34. Bc6 Ra7
35. f4 Kg7 36. Nf3 Qc7 37. Qa4 a5 38. R6b2 Bd7 39. Bxd7 Qxd7 40. Qxd7 Rxd7 41.
Ra2 Ra8 42. Ra4 Bd8 43. Nd2 Raa7 44. Kf2 Rdb7 45. Rxb7 Rxb7 46. Ra2 Ra7 47. Ra4
Kf8 48. Ke2 Ke8 49. Kd1 Kd7 50. Kc2 Kc6 51. Nb1 Kb5 52. Ra2 a4 53. Na3+ Kc6 54.
Nb1 Be7 55. Nd2 a3 56. Nb1 Kb5 57. Nd2 Ka4 58. Ra1 Rb7 59. Ra2 Rb3 60. Nf1 Bd8
61. Ne3 Ba5 62. Nd1 Bb6 63. Ra1 Ba7 64. Ra2 Bxd4 65. cxd4 Rxg3 66. Nc3+ Kb4 0-1

[Event "Int. Stuttgarter Stadtmeisterschaft A"]
[Site "Ditzingen"]
[Date "2012.05.19"]
[Round "5.8"]
[White "Schulte, Torsten"]
[Black "Latzke, Boris Alexander"]
[Result "1/2-1/2"]
[WhiteElo "2129"]
[BlackElo "2253"]
[PlyCount "47"]
[EventDate "2012.??.??"]
[WhiteTeam "SC Eppingen"]
[BlackTeam "SK Bebenhausen 1992"]

1. d4 Nf6 2. c4 e6 3. Nc3 Bb4 4. Bg5 h6 5. Bh4 c5 6. d5 d6 7. e3 Bxc3+ 8. bxc3
e5 9. Nf3 Nbd7 10. Qc2 Qe7 11. Nd2 g5 12. Bg3 Nh5 13. Bd3 Ndf6 14. f3 Nxg3 15.
hxg3 Bd7 16. Bf5 O-O-O 17. Bxd7+ Qxd7 18. g4 Rde8 19. Ne4 Nxe4 20. Qxe4 Ref8
21. Qf5 Qxf5 22. gxf5 h5 23. e4 Rh6 24. Kf2 1/2-1/2

[Event "Int. Stuttgarter Stadtmeisterschaft A"]
[Site "Ditzingen"]
[Date "2012.05.19"]
[Round "5.9"]
[White "Marquardt, Patrick"]
[Black "Petermann, Michail"]
[Result "0-1"]
[WhiteElo "2039"]
[BlackElo "2236"]
[PlyCount "70"]
[EventDate "2012.??.??"]
[WhiteTeam "SG Donautal Tuttlingen"]
[BlackTeam "OSG Baden-Baden"]

1. e4 d6 2. d4 Nf6 3. Nc3 g6 4. h3 Bg7 5. Nf3 c6 6. a4 Nbd7 7. a5 O-O 8. Be2 e5
9. dxe5 dxe5 10. Be3 Qe7 11. O-O Nc5 12. Nd2 Rd8 13. Qb1 Ne6 14. b4 Nf4 15. Bc5
Qe6 16. Bc4 Nxh3+ 17. Kh1 Qg4 18. Be2 Qd7 19. Rd1 Nf4 20. Nc4 Qe8 21. f3 N6h5
22. Rxd8 Qxd8 23. Qe1 Qg5 24. g4 Qh6 25. Kg1 Be6 26. Nd6 Nh3+ 27. Kf1 N5f4 28.
Qg3 Bf6 29. Nf5 gxf5 30. gxf5+ Kh8 31. fxe6 Rg8 32. Qh2 fxe6 33. Be3 Qh4 34.
Nd1 Rg2 35. Qh1 Rxe2 0-1

[Event "Int. Stuttgarter Stadtmeisterschaft A"]
[Site "Ditzingen"]
[Date "2012.05.19"]
[Round "5.10"]
[White "Nabavi, Parwis"]
[Black "Bluma, Marcel"]
[Result "1/2-1/2"]
[WhiteElo "2212"]
[BlackElo "2085"]
[PlyCount "37"]
[EventDate "2012.??.??"]
[WhiteTeam "SGEM Dreisamtal"]
[BlackTeam "SC Ingersheim e.V."]

1. d4 d5 2. Nf3 Nf6 3. e3 Bg4 4. Be2 Nbd7 5. O-O e6 6. h3 Bxf3 7. Bxf3 h5 8. c4
c6 9. cxd5 cxd5 10. Nc3 g5 11. Bd2 a6 12. Rc1 Nb6 13. Be2 g4 14. hxg4 hxg4 15.
Bxg4 Nc4 16. Bh3 Nxb2 17. Qe2 Nc4 18. Rfd1 b5 19. Be1 1/2-1/2

[Event "Int. Stuttgarter Stadtmeisterschaft A"]
[Site "Ditzingen"]
[Date "2012.05.19"]
[Round "5.12"]
[White "Pogan, Nikolas"]
[Black "Ludwig, Sebastian"]
[Result "1-0"]
[WhiteElo "2223"]
[BlackElo "2049"]
[PlyCount "67"]
[EventDate "2012.??.??"]
[WhiteTeam "TSV Willsbach"]
[BlackTeam "SV Stuttgart-Wolfbusch 1956 e.V."]

1. d4 d5 2. c4 c6 3. Nf3 Nf6 4. e3 e6 5. Bd3 Nbd7 6. b3 Bd6 7. Bb2 O-O 8. Nbd2
Qe7 9. Ne5 Ba3 10. Bxa3 Qxa3 11. f4 dxc4 12. Nexc4 Qe7 13. O-O c5 14. Rf3 Rd8
15. Ne5 Nf8 16. dxc5 Qxc5 17. Rc1 Qe7 18. Rh3 Nd5 19. Qe2 f5 20. Ndf3 Bd7 21.
Nd4 Rac8 22. Rxc8 Rxc8 23. Bc4 Nc3 24. Qe1 Ne4 25. Nxf5 Qa3 26. Ng3 Nxg3 27.
Rxg3 b5 28. Bf1 Qxa2 29. Qb4 Be8 30. h4 Qb1 31. Qe7 g6 32. Ng4 Bc6 33. Nh6+ Kh8
34. Qf6# 1-0

[Event "Int. Stuttgarter Stadtmeisterschaft A"]
[Site "Ditzingen"]
[Date "2012.05.19"]
[Round "5.13"]
[White "Keller, Harald"]
[Black "Aring, Gerd"]
[Result "0-1"]
[WhiteElo "2071"]
[BlackElo "2195"]
[PlyCount "80"]
[EventDate "2012.??.??"]
[WhiteTeam "SV Rottweil"]
[BlackTeam "SV Nürtingen 1920"]

1. e4 c5 2. Nc3 Nc6 3. g3 g6 4. Bg2 Bg7 5. d3 d6 6. f4 e6 7. Nf3 Nge7 8. O-O
O-O 9. Be3 b6 10. d4 Ba6 11. Rf2 Qc7 12. h4 d5 13. dxc5 d4 14. Nxd4 Nxd4 15.
Bxd4 Rad8 16. cxb6 axb6 17. e5 Nf5 18. Rd2 Rxd4 19. Rxd4 Qc5 20. Na4 Qxd4+ 21.
Qxd4 Nxd4 22. Nxb6 Rb8 23. Nd7 Rxb2 24. c4 Bxc4 25. a4 Ne2+ 26. Kh2 Bd5 27.
Bxd5 Nxf4+ 28. Kg1 Nxd5 29. a5 Bh6 30. a6 Be3+ 31. Kh1 Ba7 32. Rc1 Ra2 33. Nf6+
Kg7 34. Ne8+ Kh6 35. g4 Be3 36. g5+ Kh5 37. Rc4 Bf4 38. Nf6+ Nxf6 39. exf6 Kg4
40. Rc6 Kh3 0-1

[Event "Int. Stuttgarter Stadtmeisterschaft A"]
[Site "Ditzingen"]
[Date "2012.05.19"]
[Round "5.14"]
[White "Tsolakidis, Paschalis"]
[Black "Gabriel, Josef"]
[Result "1/2-1/2"]
[WhiteElo "2107"]
[BlackElo "2180"]
[PlyCount "131"]
[EventDate "2012.??.??"]
[WhiteTeam "DJK Stuttgart-Süd"]
[BlackTeam "Stuttgarter SF 1879"]

1. d4 g6 2. Nf3 Bg7 3. c3 Nf6 4. Bg5 O-O 5. Nbd2 h6 6. Bxf6 exf6 7. g3 d5 8.
Bg2 c6 9. O-O Re8 10. Re1 f5 11. e3 Nd7 12. c4 Nb6 13. c5 Nd7 14. b4 a6 15. Rb1
Re7 16. Nb3 Qe8 17. a4 Nf8 18. Na5 g5 19. h4 g4 20. Nh2 Nh7 21. Nf1 Nf6 22. Nd2
Nh5 23. Nab3 Bf6 24. Nf1 Kg7 25. Qd2 Bd7 26. Rbd1 Qb8 27. Nc1 Qc7 28. Ne2 Rae8
29. Rb1 Bc8 30. b5 axb5 31. axb5 Re6 32. b6 Qe7 33. Rb3 f4 34. gxf4 Bxh4 35.
Neg3 Bxg3 36. fxg3 f5 37. Qd3 Rg6 38. Kf2 Nf6 39. Nd2 h5 40. Rh1 Rh8 41. Rh4
Be6 42. Ra3 Rgh6 43. Ra7 Qd7 44. Nb3 Rb8 45. Nc1 Kg6 46. Qa3 Ne4+ 47. Bxe4 dxe4
48. Ne2 Rh7 49. Qa1 Bc4 50. Nc3 Ba6 51. Qa2 Rd8 52. Rh1 Qe7 53. Rh4 Qf6 54. Qa4
Rhd7 55. Ne2 Qh8 56. Rxa6 bxa6 57. Qxc6+ Kf7 58. b7 Re7 59. d5 Rb8 60. d6 Rexb7
61. Qd5+ Kg6 62. c6 Rb2 63. Qe6+ Kg7 64. c7 Re8 65. d7 Rxe6 66. d8=Q 1/2-1/2

[Event "Int. Stuttgarter Stadtmeisterschaft A"]
[Site "Ditzingen"]
[Date "2012.05.19"]
[Round "5.15"]
[White "Andraschko, Felix"]
[Black "Kerpe, Andreas"]
[Result "1/2-1/2"]
[WhiteElo "2069"]
[BlackElo "2168"]
[PlyCount "53"]
[EventDate "2012.??.??"]
[WhiteTeam "SK Landau"]
[BlackTeam "TSF Ditzingen"]

1. Nf3 d6 2. e4 Nf6 3. Nc3 g6 4. d4 Bg7 5. Be3 c6 6. Qd2 Qa5 7. h3 O-O 8. Bd3
Re8 9. O-O e5 10. dxe5 dxe5 11. Rfb1 Qc7 12. a4 a5 13. Bc4 Na6 14. Ng5 Re7 15.
Rd1 Nd7 16. f4 exf4 17. Bxf4 Be5 18. Be3 Nf8 19. Qd8 Qxd8 20. Rxd8 Bc7 21.
Bxf7+ Rxf7 22. Nxf7 Bxd8 23. Nxd8 Nb4 24. Bh6 Nxc2 25. Rf1 Ne6 26. Nf7 Bd7 27.
Ne5 1/2-1/2

[Event "Int. Stuttgarter Stadtmeisterschaft A"]
[Site "Ditzingen"]
[Date "2012.05.19"]
[Round "5.16"]
[White "Flick, Antoine"]
[Black "Weber, Klaus"]
[Result "1/2-1/2"]
[WhiteElo "1847"]
[BlackElo "2126"]
[PlyCount "152"]
[EventDate "2012.??.??"]
[BlackTeam "SV Tübingen 1870 e.V."]

1. c4 Nf6 2. Nc3 e5 3. g3 Bb4 4. Bg2 Bxc3 5. dxc3 O-O 6. Nf3 Nc6 7. O-O d6 8.
Ne1 Be6 9. b3 Qd7 10. Nc2 Bh3 11. Ne3 Bxg2 12. Kxg2 h6 13. Qc2 Ne7 14. Bb2 Qc6+
15. Kg1 Qe4 16. Qxe4 Nxe4 17. f3 Nc5 18. Ba3 Ne6 19. Nd5 Rfe8 20. e4 Rac8 21.
Rad1 f6 22. Rd3 Kf7 23. Rfd1 h5 24. Kg2 h4 25. R3d2 hxg3 26. hxg3 Rh8 27. Re2
Ng6 28. Kg1 Rh3 29. Rg2 Rch8 30. Kf2 Rh1 31. Rxh1 Rxh1 32. Rg1 Rh5 33. Ne3 b6
34. Rg2 Ng5 35. Nf1 Rh1 36. Rh2 Rxh2+ 37. Nxh2 Ne7 38. Bc1 Ne6 39. g4 g6 40.
Be3 f5 41. Ke2 fxe4 42. fxe4 Kf6 43. g5+ Kf7 44. Nf3 c6 45. Kd3 Nc7 46. Bf2 Ke6
47. Be1 Ne8 48. Bf2 Ng7 49. Bg1 Nh5 50. Be3 d5 51. cxd5+ cxd5 52. exd5+ Nxd5
53. Nh4 Ne7 54. c4 Ng3 55. Bf2 Ngf5 56. Nf3 Nc6 57. a3 Na5 58. b4 e4+ 59. Kxe4
Nxc4 60. a4 Ncd6+ 61. Kd3 Kd5 62. Bd4 Ne4 63. Be3 Nxe3 64. Kxe3 Nxg5 65. Nxg5
Kc4 66. b5 Kb4 67. Kd4 Kxa4 68. Kc4 Ka5 69. Ne4 a6 70. bxa6 Kxa6 71. Kb4 b5 72.
Nd6 g5 73. Nxb5 g4 74. Nd4 g3 75. Nf3 g2 76. Kc3 g1=Q 1/2-1/2

[Event "Int. Stuttgarter Stadtmeisterschaft A"]
[Site "Ditzingen"]
[Date "2012.05.19"]
[Round "5.17"]
[White "Fingerhut, Armin"]
[Black "Arounopoulos, Stephan"]
[Result "1/2-1/2"]
[WhiteElo "1986"]
[BlackElo "2119"]
[PlyCount "27"]
[EventDate "2012.??.??"]
[WhiteTeam "Vorw.Orient Mainz"]
[BlackTeam "SK e4 Gerlingen"]

1. e4 e6 2. d4 d5 3. Nc3 Nf6 4. Bg5 Bb4 5. e5 h6 6. exf6 hxg5 7. fxg7 Rg8 8. h4
gxh4 9. Qg4 Qf6 10. Rxh4 Rxg7 11. Rh8+ Bf8 12. Qh4 Qxh4 13. Rxh4 Rg8 14. O-O-O
1/2-1/2

[Event "Int. Stuttgarter Stadtmeisterschaft A"]
[Site "Ditzingen"]
[Date "2012.05.19"]
[Round "5.18"]
[White "Kabisch, Thilo"]
[Black "Bissbort, Julian"]
[Result "1-0"]
[WhiteElo "2277"]
[BlackElo "2043"]
[PlyCount "45"]
[EventDate "2012.??.??"]
[WhiteTeam "SK Schmiden/Cannstatt"]
[BlackTeam "Heilbronner SV"]

1. e4 c5 2. Nf3 d6 3. d4 cxd4 4. Nxd4 Nf6 5. Nc3 g6 6. Bc4 Bg7 7. Be3 Nc6 8. f3
Bd7 9. Qe2 a6 10. O-O-O Ne5 11. Bb3 b5 12. f4 Neg4 13. e5 dxe5 14. fxe5 Nxe3
15. Qxe3 Ng4 16. Bxf7+ Kf8 17. Qe2 Qb6 18. Rhf1 Bf5 19. Bd5 Bh6+ 20. Kb1 Ne3
21. Nxf5 gxf5 22. Bxa8 Kg7 23. Nd5 1-0

[Event "Int. Stuttgarter Stadtmeisterschaft A"]
[Site "Ditzingen"]
[Date "2012.05.19"]
[Round "5.19"]
[White "Töws, Manuel"]
[Black "Dorst, Johannes"]
[Result "1/2-1/2"]
[WhiteElo "2032"]
[BlackElo "2223"]
[PlyCount "148"]
[EventDate "2012.??.??"]
[WhiteTeam "BG Buchen"]
[BlackTeam "SK Marburg 1931/72"]

1. e4 e5 2. Nf3 Nc6 3. Bb5 Nf6 4. d3 Bc5 5. O-O d6 6. h3 a6 7. Ba4 b5 8. Bb3
Na5 9. c3 Nxb3 10. Qxb3 Ba7 11. Nbd2 O-O 12. Re1 c5 13. Nf1 h6 14. Ng3 Re8 15.
Be3 d5 16. a4 c4 17. Qc2 d4 18. cxd4 exd4 19. Bf4 Be6 20. axb5 axb5 21. Be5 Nh7
22. Bxd4 Bxd4 23. Rxa8 Bxf2+ 24. Qxf2 Qxa8 25. d4 Ng5 26. Nxg5 hxg5 27. d5 Bd7
28. Nf5 Bxf5 29. Qxf5 Qa7+ 30. Qf2 Ra8 31. Rb1 f6 32. Qxa7 Rxa7 33. Kf2 Kf7 34.
Ke3 Ke7 35. Kd4 Kd6 36. b3 cxb3 37. Rxb3 Ra4+ 38. Kd3 Ke5 39. Rxb5 Rd4+ 40. Ke3
Rxe4+ 41. Kf3 Rd4 42. Rb7 g6 43. Re7+ Kxd5 44. Rd7+ Ke5 45. Re7+ Kd6 46. Rg7
Ke6 47. Rxg6 Kf7 48. Rh6 Kg7 49. Rh5 Rd8 50. h4 Kg6 51. g4 Rd3+ 52. Kf2 gxh4
53. Rxh4 Kg5 54. Rh5+ Kxg4 55. Ra5 f5 56. Ra8 Rb3 57. Rc8 Rb2+ 58. Kf1 f4 59.
Rc3 Rb1+ 60. Kf2 Rh1 61. Kg2 Ra1 62. Kf2 Ra4 63. Rb3 Ra2+ 64. Kf1 Ra5 65. Kf2
Rh5 66. Kg2 Rd5 67. Kf2 Re5 68. Ra3 Rc5 69. Rb3 Rc2+ 70. Kf1 Rc4 71. Kf2 f3 72.
Rb8 Rc2+ 73. Kf1 Kg3 74. Rg8+ Kf4 1/2-1/2

[Event "Int. Stuttgarter Stadtmeisterschaft A"]
[Site "Ditzingen"]
[Date "2012.05.19"]
[Round "5.20"]
[White "Osmanovic, Faruk"]
[Black "Blum, Nicolas"]
[Result "1/2-1/2"]
[WhiteElo "2008"]
[BlackElo "2169"]
[PlyCount "120"]
[EventDate "2012.??.??"]
[WhiteTeam "SC Blauer Turm Bad Wimpfen"]
[BlackTeam "Heilbronner SV"]

1. e4 c5 2. Nf3 e6 3. d4 cxd4 4. Nxd4 Nc6 5. Nc3 Qc7 6. Be3 a6 7. Qd2 Nf6 8.
O-O-O Bb4 9. f3 Ne5 10. a3 Bxc3 11. Qxc3 Qxc3 12. bxc3 d5 13. exd5 Nxd5 14. Bd2
b5 15. Re1 Nc4 16. Bxc4 bxc4 17. Re4 Nf6 18. Re5 Bb7 19. Nf5 Kf8 20. Nd6 Bd5
21. Re2 Rd8 22. Ne4 Bxe4 23. fxe4 Ke7 24. Bg5 h6 25. Bh4 g5 26. Bg3 Nh5 27. Bc7
Rd7 28. Ba5 f6 29. Rd1 Rxd1+ 30. Kxd1 Rb8 31. Kc1 Rb5 32. Bb4+ Ke8 33. g3 Ng7
34. g4 h5 35. h3 hxg4 36. hxg4 e5 37. Rd2 Rb6 38. Ba5 Rc6 39. Rd8+ Ke7 40. Rb8
Ne6 41. Rb7+ Ke8 42. Bb4 Nf4 43. Kd2 Kd8 44. a4 Kc8 45. Rf7 Ng6 46. a5 Kd8 47.
Ke3 Ke8 48. Rb7 Kd8 49. Kf3 Ke8 50. Ba3 Kd8 51. Rg7 Nf4 52. Ra7 Ng6 53. Bc1 Ke8
54. Be3 Ne7 55. Bb6 Nc8 56. Rxa6 Kd7 57. Ra8 Nxb6 58. axb6 Rxb6 59. Ra5 Rc6 60.
Ke3 Ke6 1/2-1/2